000 00576nam a2200229Ia 4500
003 OSt
005 20220918180818.0
006 a|||||r|||| 00| 0
007 ta
008 220917b |||||||| |||| 00| 0 eng d
024 _a24,271
037 _cTextual
040 _aARTS
_cARTS
_beng
041 _2eng
_aeng
082 _aO:v3:N5, J83
100 _aDaiches David
_915342
245 0 _aPresent age in British literature
260 _c1958
650 _aENGLISH LITERATURE
942 _hO:v3:N5, J83
_cTEXL
_2CC
999 _c163245
_d163245